<?xml version="1.0" encoding="UTF-8"?>
<marc:record xmlns:marc="http://www.loc.gov/MARC21/slim">
   <marc:leader>00000nam a2200000 a 4500</marc:leader>
   <marc:datafield ind1="0" ind2="0" tag="245">
      <marc:subfield code="a">Zogg und Tommi Tatze</marc:subfield>
   </marc:datafield>
   <marc:datafield ind1="0" ind2="0" tag="245">
      <marc:subfield code="c">von Julia Donaldson und Axel Scheffler ; aus dem Englischen von Thomas Eichhorn und Wiglaf Droste ; deutsche Texte gesprochen von Ilona Schulz</marc:subfield>
   </marc:datafield>
   <marc:datafield ind1=" " ind2="1" tag="264">
      <marc:subfield code="a">Hamburg</marc:subfield>
      <marc:subfield code="b">Hörcompany</marc:subfield>
      <marc:subfield code="c">2016</marc:subfield>
   </marc:datafield>
   <marc:datafield ind1="1" ind2=" " tag="520">
      <marc:subfield code="a">Angaben aus der Verlagsmeldung

Zogg / Tommi Tatze : Sprecher: Ilona Schulz, 1 CD, Digipack, Laufzeit 45 Min. / von Julia Donaldson

Ein neues Hörbuch des Traumduos Axel Scheffler und Julia Donaldson - gesungen und gesprochen von Ilona Schulz, der deutschen Stimme des Grüffelo.

Zogg lernt in der Drachenschule alles, was man fürs Drachenleben braucht. Mit Feuereifer macht er sich ans Werk, übt fliegen, brüllen, Feuerspeien und kämpfen. Eines Tages entführt Zogg, der größte kleine Drache, wie es sich für einen richtigen Drachen gehört, die Prinzessin Perle. Doch die hat ihren eigenen Willen! Ganz schön zoggig.
Tommi Tatze findet sein Leben als Katze des Straßensängers Matz wunderbar - den lieben langen Tag singen und schnurren die beiden. Ihr Lieblingslied ist: 'Die alte Gitarre und du und ich, wir spielen und singen so glücklich, mi-au.' Doch das Glück wird jäh zerstört, als Matz sich das Bein bricht und Tommi alleine zurückbleibt.
</marc:subfield>
   </marc:datafield>
   <marc:datafield ind1=" " ind2=" " tag="020">
      <marc:subfield code="a">9783945709344</marc:subfield>
      <marc:subfield code="9">9783945709344</marc:subfield>
   </marc:datafield>
   <marc:datafield ind1=" " ind2=" " tag="020">
      <marc:subfield code="a">3945709342</marc:subfield>
      <marc:subfield code="9">3945709342</marc:subfield>
   </marc:datafield>
   <marc:datafield ind1=" " ind2=" " tag="300">
      <marc:subfield code="a">1 CD</marc:subfield>
   </marc:datafield>
</marc:record>
